00707 a2200169 450000500170000002000220001710000140003924500500005325000110010326000540011430000470016870000120021594200130022799900150024095201410025595201410039620250620122949.0 a978-93-325-0747-0 aSURESH, P aManagement of Banking and FIinancial Services a3th Ed aTaramanibPearson India Education Servicesc2015 aix, 683p.: ill; Graphy, TablebIndexc27cm aPAUL, J 2ddccBKS c4528d4528 r2025-06-20 12:38:55l0o658.15 SURpMBY000477v89850.00w2025-06-20yBKS102ddc407000a002b002cGENd2017-05-29ePurchaseg29950.00 r2025-06-20 12:42:25l0o658.15 SURpMBY000476v89850.00w2025-06-20yBKS102ddc407000a002b002cGENd2017-05-29ePurchaseg29950.00